<?xml version="1.0" encoding="UTF-8"?><?xml-stylesheet type="text/xsl" href="static/style.xsl"?><OAI-PMH xmlns="http://www.openarchives.org/OAI/2.0/" xmlns:xsi="http://www.w3.org/2001/XMLSchema-instance" xsi:schemaLocation="http://www.openarchives.org/OAI/2.0/ http://www.openarchives.org/OAI/2.0/OAI-PMH.xsd"><responseDate>2026-04-17T15:54:02Z</responseDate><request verb="GetRecord" identifier="oai:www.recercat.cat:10230/35952" metadataPrefix="marc">https://recercat.cat/oai/request</request><GetRecord><record><header><identifier>oai:recercat.cat:10230/35952</identifier><datestamp>2025-12-18T01:24:32Z</datestamp><setSpec>com_2072_6</setSpec><setSpec>col_2072_452952</setSpec></header><metadata><record xmlns="http://www.loc.gov/MARC21/slim" xmlns:dcterms="http://purl.org/dc/terms/" xmlns:xsi="http://www.w3.org/2001/XMLSchema-instance" xmlns:doc="http://www.lyncode.com/xoai" xsi:schemaLocation="http://www.loc.gov/MARC21/slim http://www.loc.gov/standards/marcxml/schema/MARC21slim.xsd">
   <leader>00925njm 22002777a 4500</leader>
   <datafield ind2=" " ind1=" " tag="042">
      <subfield code="a">dc</subfield>
   </datafield>
   <datafield ind2=" " ind1=" " tag="720">
      <subfield code="a">Slizovskaia, Olga</subfield>
      <subfield code="e">author</subfield>
   </datafield>
   <datafield ind2=" " ind1=" " tag="720">
      <subfield code="a">Gómez Gutiérrez, Emilia, 1975-</subfield>
      <subfield code="e">author</subfield>
   </datafield>
   <datafield ind2=" " ind1=" " tag="720">
      <subfield code="a">Haro Ortega, Gloria</subfield>
      <subfield code="e">author</subfield>
   </datafield>
   <datafield ind2=" " ind1=" " tag="260">
      <subfield code="c">2018-12-04T09:28:59Z</subfield>
   </datafield>
   <datafield ind2=" " ind1=" " tag="260">
      <subfield code="c">2018-12-04T09:28:59Z</subfield>
   </datafield>
   <datafield ind2=" " ind1=" " tag="260">
      <subfield code="c">2017</subfield>
   </datafield>
   <datafield ind2=" " ind1=" " tag="520">
      <subfield code="a">Comunicació presentada a la International Conference on Multimedia Retrieval celebrada del 6 al 9 de juny de 2017 a Bucarest, Romania.</subfield>
   </datafield>
   <datafield ind2=" " ind1=" " tag="520">
      <subfield code="a">This paper presents a method for recognizing musical instruments in user-generated videos. Musical instrument recognition from music signals is a well-known task in the music information retrieval (MIR) field, where current approaches rely on the analysis of the good-quality audio material. This work addresses a real-world scenario with several research challenges, i.e. the analysis of user-generated videos that are varied in terms of recording conditions and quality and may contain multiple instruments sounding simultaneously and background noise. Our approach does not only focus on the analysis of audio information, but we exploit the multimodal information embedded in the audio and visual domains. In order to do so, we develop a Convolutional Neural Network (CNN) architecture which combines learned representations from both modalities at a late fusion stage. Our approach is trained and evaluated on two large-scale video datasets: YouTube-8M and FCVID. The proposed architectures demonstrate state-of-the-art results in audio and video object recognition, provide additional robustness to missing modalities, and remains computationally cheap to train.</subfield>
   </datafield>
   <datafield ind2=" " ind1=" " tag="520">
      <subfield code="a">is work is partly supported by the Spanish Ministry of Economy&#xd;
and Competitiveness under the Maria de Maeztu Units of&#xd;
Excellence Programme (MDM-2015-0502), the CASAS Spanish research&#xd;
project (TIN2015-70816-R), and project TIN2015-70410-C2-&#xd;
1-R (MINECO/FEDER, UE). We gratefully acknowledge the support&#xd;
of NVIDIA Corporation with the donation of the Titan X GPU used&#xd;
for this research.</subfield>
   </datafield>
   <datafield tag="653" ind2=" " ind1=" ">
      <subfield code="a">Multimodal musical instrument classification</subfield>
   </datafield>
   <datafield tag="653" ind2=" " ind1=" ">
      <subfield code="a">Convolutional neural networks</subfield>
   </datafield>
   <datafield tag="653" ind2=" " ind1=" ">
      <subfield code="a">Multimodal video analysis</subfield>
   </datafield>
   <datafield tag="653" ind2=" " ind1=" ">
      <subfield code="a">Feature fusion</subfield>
   </datafield>
   <datafield tag="653" ind2=" " ind1=" ">
      <subfield code="a">Multimedia information retrieval</subfield>
   </datafield>
   <datafield ind2="0" ind1="0" tag="245">
      <subfield code="a">Musical instrument recognition in user-generated videos using a multimodal convolutional neural network architecture</subfield>
   </datafield>
</record></metadata></record></GetRecord></OAI-PMH>